000 00741cam a22002531 4500
001 sa 68000988
003 DLC
005 20260227112429.0
008 711108r1967 ii a 00010 eng
010 _asa 68000988 //r92
025 _aPL480:I-E-9173
040 _aDLC
_cDLC
_dDLC
043 _aa-ii---
050 0 0 _aHV7092
_b.A7
082 0 0 _a364/.9/54
100 1 0 _aAiyar, R. P.
245 1 0 _aIn the crimelight,
_cby R. P. Aiyar. Foreword by R. K. Karanjia.
260 0 _a[Bombay,
_bPearl Publications]; sole distributors: India Book House,
_c1967.
300 _a173 p.
_billus.
_c18 cm.
350 _aRs3
500 _aFirst published in Blitz.
650 0 _aCrime
_zIndia
_xCase studies.
650 0 _aTrials
_zIndia
_xCase studies.
999 _c77611
_d77611